00935nam a2200253 a 450000100060000000300080000600500170001400800410003102000150007203500190008704000270010604100110013308200290014410000370017324501740021026000440038430000330042850400500046165000470051165000470055870000210060570000170062683000380064343531BD-RjUL20211209053718.0160622m19691964enka b 001 0 eng  a0422728608 a(BD-RjUL)43649 aDLCcDLCbengdBD-RjUL1 aengnor 223a331.152094bEMF 19691 aEmery, F. E.q(Frederick Edmund)10aForm and content in industrial democracy :bsome experiences from Norway and other European countries /cby F. E. Emery and Einar Thorsrud in cooperation with Eric Trist aLondon :bTavistock Publications,c1969 axi, 116 p. :bill. ;c23 cm. aIncludes bibliography: (p. 110-111) and index 0aManagementxEmployee participationzNorway 0aManagementxEmployee participationzEurope1 aThorsrud, Einar.1 aTrist, E. L. 0aTechnology and democratic society